000 00338nam a22001457a 4500
008 221014b ||||| |||| 00| 0 eng d
020 _a9781605478555
041 _aeng
080 _2SIXTH EDITION
_a610.73
082 _a610.73
100 _a5
101 _aINF
245 _aCOMMUNITY AS PARTNER NURSING
_cANDERSON E
942 _2udc
_cBK
999 _c58554
_d58554